000 00200nam a2200085 4500
001 1256723
005 20260105133611.0
245 _aŞİRİN ANLATMAZSAM ÇATLARIM
_cBİRSEN EKİM ÖZEN
260 _bTİMAŞ
999 _c1256723
_d1256723